Statistics for Countries with 4 non-Neighbours within 100 km

Click here to take the quiz!

General Stats

  • This quiz has been taken 75 times
  • The average score is 14 of 18

Answer Stats

BD (km)% Correct
Germany49
95%
Liechtenstein64
90%
Italy76
89%
ITALY
89%
Serbia39
89%
Bosnia and Herzegovina77
87%
Croatia69
87%
Croatia14
87%
Monaco5
84%
ALBANIA
81%
Albania76
81%
Malta82
77%
Tunisia72
73%
Israel14
65%
SAUDI ARABIA
61%
Egypt13
60%
Syria92
58%
Bahrain27
56%

Score Distribution

Percentile by Number Answered

Percent of People with Each Score

Your Score History

You have not taken this quiz